000 00522nam a22001577a 4500
005 20110406144105.0
008 110406t xxu||||| |||| 00| 0 eng d
082 _222
_a340.0149
100 _aS. NAMASIVAYAM
_9133
245 _aTHE DRAFTING OF LEGISLATION/
_cS. NAMASIVAYAM . _
250 _a1st ed . _
260 _aLONDON :
_bOXFORD UNIVERSITY PRESS,
_c1967
300 _axvi,158p.:
_c12cm
_fBOOK
942 _2ddc
_cBK
999 _c48
_d48